000
00235nam a22001097a 4500
082
_a
808.3 CHA'S
100
_a
CHARTERIS, LESLIE
_9
79275
245
_a
THE SAINT IN MIAMI
260
_a
LONDON
_b
PAN
_c
1956
300
_a
217P
942
_c
BK
999
_c
584951
_d
584951